000 00322nam a22001217a 4500
082 _a657
_bDAS/A
100 _aSHIV DAS
245 _aCBSE PAST 6 YEARS QUESTION PAPERS ACCOUNTANCY
_bCLASS XII
260 _aDELHI
_bSHIV DAS & SONS
300 _a122
650 _aACCOUNTANCY SOLVED QUESTION PAPERS CLASS XII
_zINDIA
942 _cBK
999 _c631
_d631